[Event "Warsaw Najdorf Memorial op-A 17th"]
[Site "Warsaw"]
[Date "2019.07.11"]
[Round "6"]
[White "Krysztofiak, Marcin"]
[Black "Harsha, Bharathakoti"]
[Result "1/2-1/2"]
[WhiteElo "2382"]
[BlackElo "2486"]
[PlyCount "64"]
[EventDate "2019.07.06"]
[EventType "swiss"]
[EventRounds "9"]
[EventCountry "POL"]
[SourceTitle "CBM 191 Extra"]
[Source "ChessBase"]
[SourceDate "2019.09.30"]
[SourceVersion "1"]
[SourceVersionDate "2019.09.30"]
[SourceQuality "1"]

1. Nf3 d5 2. d4 Nf6 3. c4 e6 4. Bg5 Bb4+ 5. Nbd2 dxc4 6. e3 b5 7. Be2 Nbd7 8. 0-0 Bb7 9. b3 c3 10. Nb1 a6 11. a3 Be7 12. Nxc3 c5 13. dxc5 Nxc5 14. b4 Nce4 15. Nxe4 Nxe4 16. Bxe7 Qxe7 17. Qd4 0-0 18. Rac1 Rfd8 19. Qb2 Bd5 20. Ne5 Qg5 21. Bf3 f6 22. Nd3 Nd2 23. Bxd5 Qxd5 24. Qxd2 Qxd3 25. Qa2 Rd6 26. a4 Rad8 27. h3 h6 28. Rc5 Rd5 29. axb5 axb5 30. Rfc1 Qe4 31. Qb1 Qxb1 32. Rxb1 Kf7 1/2-1/2

[Event "POL-chT 1st League"]
[Site "Pokrzywna"]
[Date "2018.09.01"]
[Round "1.3"]
[White "Krysztofiak, Marcin"]
[Black "Polok, Kacper"]
[Result "1/2-1/2"]
[WhiteElo "2386"]
[BlackElo "2295"]
[PlyCount "60"]
[EventDate "2018.09.01"]
[EventType "team-tourn"]
[EventRounds "9"]
[EventCountry "POL"]
[SourceTitle "CBM 186 Extra"]
[Source "ChessBase"]
[SourceDate "2018.08.24"]
[SourceVersion "1"]
[SourceVersionDate "2018.08.24"]
[SourceQuality "1"]
[WhiteTeam "Znin Baszta"]
[BlackTeam "Raciborz Silesia"]
[WhiteTeamCountry "POL"]
[BlackTeamCountry "POL"]

1. Nf3 e6 2. c4 f5 3. g3 Nf6 4. Bg2 d5 5. 0-0 Be7 6. b3 0-0 7. Bb2 b6 8. cxd5 exd5 9. Qc2 c5 10. d4 Nc6 11. Nc3 Ne4 12. dxc5 bxc5 13. Rad1 Be6 14. e3 Rc8 15. Ne2 Bf7 16. Ne5 Nxe5 17. Bxe5 Bf6 18. Qb2 Bxe5 19. Qxe5 Qf6 20. Qxf6 Nxf6 21. Rc1 g5 22. Rc2 Bh5 23. Rfc1 Bxe2 24. Rxe2 Rc6 25. Rec2 Rfc8 26. Rd1 Rd6 27. Rdc1 Rdc6 28. Rd1 Rd6 29. Rdc1 Rdc6 30. Rd1 Rd6 1/2-1/2

[Event "Warsaw Najdorf Memorial op-A 16th"]
[Site "Warsaw"]
[Date "2018.07.15"]
[Round "8"]
[White "Chomczyk, Marek"]
[Black "Krysztofiak, Marcin"]
[Result "1/2-1/2"]
[WhiteElo "2247"]
[BlackElo "2384"]
[PlyCount "79"]
[EventDate "2018.07.08"]
[EventType "swiss"]
[EventRounds "9"]
[EventCountry "POL"]
[SourceTitle "CBM 185 Extra"]
[Source "ChessBase"]
[SourceDate "2018.07.29"]
[SourceVersion "1"]
[SourceVersionDate "2018.07.29"]
[SourceQuality "1"]

1. e4 c6 2. d4 d5 3. exd5 cxd5 4. Bd3 Nc6 5. c3 Nf6 6. Bf4 g6 7. Nf3 Bg7 8. 0-0 0-0 9. Nbd2 Nh5 10. Be3 Qd6 11. Re1 b6 12. Nf1 Bg4 13. h3 Bxf3 14. Qxf3 f5 15. Bc2 f4 16. Bc1 e5 17. Bb3 Rad8 18. dxe5 Nxe5 19. Qd1 Kh8 20. Nh2 Rfe8 21. Bd2 Nd3 22. Rxe8+ Rxe8 23. Qf3 Nxb2 24. Bxd5 Rd8 25. Re1 Nf6 26. c4 Nxc4 27. Bxc4 Qxd2 28. Rf1 Qd4 29. Bb3 Qe4 30. Qc3 Qb7 31. Nf3 Ne4 32. Qc1 Nc5 33. Bc4 b5 34. Rd1 Rxd1+ 35. Qxd1 Qd7 36. Qxd7 Nxd7 37. Bxb5 Nc5 38. Ne1 Bc3 39. Nd3 Nxd3 40. Bxd3 1/2-1/2

[Event "Warsaw Najdorf Memorial op-A 16th"]
[Site "Warsaw"]
[Date "2018.07.11"]
[Round "4"]
[White "Sliwicka, Alicja"]
[Black "Krysztofiak, Marcin"]
[Result "1/2-1/2"]
[WhiteElo "2277"]
[BlackElo "2384"]
[PlyCount "54"]
[EventDate "2018.07.08"]
[EventType "swiss"]
[EventRounds "9"]
[EventCountry "POL"]
[SourceTitle "CBM 185 Extra"]
[Source "ChessBase"]
[SourceDate "2018.07.29"]
[SourceVersion "1"]
[SourceVersionDate "2018.07.29"]
[SourceQuality "1"]

1. e4 c6 2. d4 d5 3. Nc3 dxe4 4. Nxe4 Bf5 5. Ng3 Bg6 6. Nh3 Nf6 7. c3 e6 8. Nf4 Bd6 9. h4 Qc7 10. Qf3 Nbd7 11. h5 Bc2 12. Bd3 Bxd3 13. Nxd3 h6 14. Bd2 0-0-0 15. 0-0-0 c5 16. dxc5 Nxc5 17. Nxc5 Bxc5 18. Rhe1 Rd5 19. Bf4 Qc6 20. Rxd5 Qxd5 21. Qxd5 Nxd5 22. Be3 Nxe3 23. fxe3 Rd8 24. Ne4 Bb6 25. Kc2 Kc7 26. b4 a5 27. a3 axb4 1/2-1/2

[Event "Warsaw Najdorf Memorial op-A 16th"]
[Site "Warsaw"]
[Date "2018.07.10"]
[Round "3"]
[White "Krysztofiak, Marcin"]
[Black "Bartel, Mateusz"]
[Result "0-1"]
[WhiteElo "2384"]
[BlackElo "2604"]
[PlyCount "96"]
[EventDate "2018.07.08"]
[EventType "swiss"]
[EventRounds "9"]
[EventCountry "POL"]
[SourceTitle "CBM 185 Extra"]
[Source "ChessBase"]
[SourceDate "2018.07.29"]
[SourceVersion "1"]
[SourceVersionDate "2018.07.29"]
[SourceQuality "1"]

1. Nf3 Nf6 2. c4 b6 3. b3 Bb7 4. e3 g6 5. Bb2 Bg7 6. d4 0-0 7. Be2 e6 8. 0-0 d5 9. Nbd2 Nbd7 10. Rc1 Rc8 11. b4 Ne4 12. c5 Nxd2 13. Qxd2 c6 14. a4 Qc7 15. Rc2 f5 16. Rfc1 bxc5 17. bxc5 Rce8 18. Rb1 f4 19. exf4 Rxf4 20. Bc3 Rff8 21. Qe3 e5 22. Nxe5 Nxe5 23. dxe5 Bxe5 24. Bxe5 Rxe5 25. Qg3 Qe7 26. Bf1 Bc8 27. Rcc1 Qf6 28. Rb8 h5 29. f3 h4 30. Qf2 h3 31. g3 Ree8 32. f4 g5 33. Rb4 a5 34. Rd4 g4 35. Qd2 Bf5 36. Kf2 Rb8 37. Rd1 Rfe8 38. Be2 Rb3 39. Rc1 Reb8 40. Rd1 Re8 41. Qxa5 Rxe2+ 42. Kxe2 Qe7+ 43. Kf2 Rf3+ 44. Kg1 Qe3+ 45. Kh1 Rf1+ 46. Rxf1 Be4+ 47. Rxe4 Qxe4+ 48. Kg1 Qg2# 0-1

[Event "POL-chT 1st League"]
[Site "Poronin"]
[Date "2017.09.10"]
[Round "9.2"]
[White "Krysztofiak, Marcin"]
[Black "Chojnacki, Krzysztof"]
[Result "1/2-1/2"]
[WhiteElo "2383"]
[BlackElo "2364"]
[PlyCount "67"]
[EventDate "2017.09.02"]
[EventType "team-tourn"]
[EventRounds "9"]
[EventCountry "POL"]
[SourceTitle "CBM 180 Extra"]
[Source "ChessBase"]
[SourceDate "2017.10.06"]
[SourceVersion "1"]
[SourceVersionDate "2017.10.06"]
[SourceQuality "1"]
[WhiteTeam "Znin Baszta"]
[BlackTeam "Chrobry Gniezno"]
[WhiteTeamCountry "POL"]
[BlackTeamCountry "POL"]

1. Nf3 Nf6 2. g3 g6 3. b3 Bg7 4. Bb2 d6 5. d4 0-0 6. Bg2 Nc6 7. 0-0 e5 8. dxe5 Ng4 9. c4 dxe5 10. h3 Nh6 11. e4 f5 12. Qxd8 Rxd8 13. Nc3 Nd4 14. exf5 Nhxf5 15. Rad1 c6 16. Ne4 a5 17. Nc5 Rb8 18. Rfe1 Nxf3+ 19. Bxf3 Nd4 20. Bxd4 exd4 21. Bg4 b6 22. Nd3 Ba6 23. Re6 Rdc8 24. Re7 Re8 25. Rde1 Kf8 26. Rc7 Rxe1+ 27. Nxe1 c5 28. Nd3 Bb7 29. Be6 Re8 30. Rf7+ Kg8 31. Re7+ Kf8 32. Rf7+ Kg8 33. Re7+ Kf8 34. Rf7+ 1/2-1/2

[Event "POL-chT 1st League"]
[Site "Poronin"]
[Date "2017.09.05"]
[Round "4.4"]
[White "Krysztofiak, Marcin"]
[Black "Wcislo, Damian"]
[Result "1-0"]
[WhiteElo "2383"]
[BlackElo "2403"]
[PlyCount "93"]
[EventDate "2017.09.02"]
[EventType "team-tourn"]
[EventRounds "9"]
[EventCountry "POL"]
[SourceTitle "CBM 180 Extra"]
[Source "ChessBase"]
[SourceDate "2017.10.06"]
[SourceVersion "1"]
[SourceVersionDate "2017.10.06"]
[SourceQuality "1"]
[WhiteTeam "Znin Baszta"]
[BlackTeam "Pegow Wieza"]
[WhiteTeamCountry "POL"]
[BlackTeamCountry "POL"]

1. d4 f5 2. g3 Nf6 3. Bg2 g6 4. Nf3 Bg7 5. 0-0 0-0 6. b3 d6 7. Bb2 a5 8. c4 c6 9. Nc3 Na6 10. d5 e5 11. dxe6 Nc5 12. Qc2 Bxe6 13. Rad1 Qe7 14. a3 f4 15. Nd4 fxg3 16. hxg3 Bg4 17. b4 axb4 18. axb4 Ne6 19. Nf3 g5 20. Qd2 Bxf3 21. exf3 Ne8 22. Rfe1 Qf7 23. Re4 Be5 24. Bh3 N8g7 25. c5 Qxf3 26. Bg2 Qf5 27. cxd6 Bxd6 28. Rxe6 Nxe6 29. Qxd6 Rad8 30. Qe7 Rde8 31. Qxb7 Qxf2+ 32. Kh1 Qxb2 33. Ne4 Qe5 34. Qxc6 Rd8 35. Rxd8 Rxd8 36. b5 Kg7 37. b6 Qd5 38. Qc3+ Qd4 39. Qa5 Qd1+ 40. Kh2 Qd5 41. Qa7+ Kh8 42. Qe7 g4 43. Nf6 Qf5 44. b7 Rb8 45. Nd7 Qh5+ 46. Kg1 Re8 47. Qd6 1-0

[Event "POL-chT 1st League"]
[Site "Poronin"]
[Date "2017.09.02"]
[Round "1.4"]
[White "Skawinski, Arkadiusz"]
[Black "Krysztofiak, Marcin"]
[Result "1-0"]
[WhiteElo "2391"]
[BlackElo "2383"]
[PlyCount "77"]
[EventDate "2017.09.02"]
[EventType "team-tourn"]
[EventRounds "9"]
[EventCountry "POL"]
[SourceTitle "CBM 180 Extra"]
[Source "ChessBase"]
[SourceDate "2017.10.06"]
[SourceVersion "1"]
[SourceVersionDate "2017.10.06"]
[SourceQuality "1"]
[WhiteTeam "Wisznia Mala Bialy Krol"]
[BlackTeam "Znin Baszta"]
[WhiteTeamCountry "POL"]
[BlackTeamCountry "POL"]

1. d4 Nf6 2. Nf3 b6 3. Bf4 Bb7 4. h3 c5 5. c3 g6 6. e3 Bg7 7. Nbd2 0-0 8. Bd3 d6 9. Qe2 Nbd7 10. 0-0 Re8 11. Ba6 Qc8 12. Bxb7 Qxb7 13. Bh2 Ne4 14. Nxe4 Qxe4 15. Qa6 Reb8 16. a4 Qb7 17. Qxb7 Rxb7 18. Ra2 a6 19. Rb1 Rc8 20. Kf1 h6 21. Rd1 cxd4 22. Nxd4 d5 23. Nc2 e6 24. Nb4 a5 25. Nc2 b5 26. axb5 Rxb5 27. e4 Nb6 28. exd5 Nxd5 29. Nd4 Rb7 30. Rd2 Nb6 31. Ke1 Nc4 32. Rc2 e5 33. Nf3 Rcb8 34. Nd2 Nxb2 35. Rxa5 Rd8 36. Ke2 Nd3 37. c4 f5 38. Rd5 Rbd7 39. Kxd3 1-0

[Event "POL-chT 1st League"]
[Site "Poronin"]
[Date "2016.09.06"]
[Round "4.2"]
[White "Vovk, Yuri"]
[Black "Krysztofiak, Marcin"]
[Result "1-0"]
[WhiteElo "2596"]
[BlackElo "2378"]
[PlyCount "125"]
[EventDate "2016.09.03"]
[EventType "team-tourn"]
[EventRounds "9"]
[EventCountry "POL"]
[SourceTitle "CBM 174 Extra"]
[Source "ChessBase"]
[SourceDate "2016.10.10"]
[SourceVersion "1"]
[SourceVersionDate "2016.10.10"]
[SourceQuality "1"]
[WhiteTeam "Kopernik WKS"]
[BlackTeam "Znin Baszta"]
[WhiteTeamCountry "POL"]
[BlackTeamCountry "POL"]

1. e4 c6 2. d4 d5 3. Nc3 dxe4 4. Nxe4 Nd7 5. Bc4 Ngf6 6. Ng5 e6 7. Qe2 Nb6 8. Bd3 h6 9. N5f3 c5 10. Be3 a6 11. dxc5 Nbd5 12. Bd4 Qc7 13. Qe5 Qa5+ 14. c3 Bxc5 15. Ne2 0-0 16. 0-0 Bxd4 17. Nexd4 Qb6 18. c4 Nb4 19. Be2 Bd7 20. Rfd1 Rfd8 21. a3 Nc6 22. Nxc6 Bxc6 23. b4 Ba4 24. Rd4 Rd7 25. Rc1 Rad8 26. c5 Qc6 27. h3 Rxd4 28. Nxd4 Qd7 29. Rc4 Nd5 30. Bf3 Ne7 31. Be4 Nc6 32. Nxc6 Bxc6 33. Bxc6 bxc6 34. Rg4 g6 35. Kh2 Kh7 36. Rf4 Kg8 37. g3 Kh7 38. Qf6 Kg8 39. Rh4 h5 40. Rf4 Qc7 41. Rd4 Rd7 42. Kg2 a5 43. Rxd7 Qxd7 44. bxa5 Qd5+ 45. Kh2 Qxc5 46. Qd8+ Kh7 47. Qb6 Qxa3 48. a6 h4 49. gxh4 Qd6+ 50. Kg2 Qd5+ 51. Kg3 Qe5+ 52. Kf3 Qc3+ 53. Kg2 Qc4 54. a7 Qe4+ 55. Kg3 Qe5+ 56. Kf3 Qd5+ 57. Ke3 c5 58. Qb8 Qd4+ 59. Kf3 Qd3+ 60. Kg2 Qd5+ 61. Kh2 Qf3 62. a8Q Qxf2+ 63. Qg2 1-0

[Event "POL-chT 1st League"]
[Site "Poronin"]
[Date "2016.09.04"]
[Round "2.1"]
[White "Jakubowski, Krzysztof"]
[Black "Krysztofiak, Marcin"]
[Result "1/2-1/2"]
[WhiteElo "2529"]
[BlackElo "2378"]
[PlyCount "78"]
[EventDate "2016.09.03"]
[EventType "team-tourn"]
[EventRounds "9"]
[EventCountry "POL"]
[SourceTitle "CBM 174 Extra"]
[Source "ChessBase"]
[SourceDate "2016.10.10"]
[SourceVersion "1"]
[SourceVersionDate "2016.10.10"]
[SourceQuality "1"]
[WhiteTeam "Raciborz Silesia"]
[BlackTeam "Znin Baszta"]
[WhiteTeamCountry "POL"]
[BlackTeamCountry "POL"]

1. d4 Nf6 2. Nf3 e6 3. c4 d5 4. Nc3 Be7 5. Bf4 0-0 6. e3 b6 7. cxd5 Nxd5 8. Nxd5 Qxd5 9. a3 c5 10. dxc5 Qxc5 11. Rc1 Qa5+ 12. Qd2 Qxd2+ 13. Nxd2 Na6 14. b4 Bb7 15. e4 Rac8 16. Kd1 Rxc1+ 17. Kxc1 Nb8 18. Kb2 Rd8 19. Be2 g5 20. Be3 f5 21. exf5 exf5 22. Bf3 Bxf3 23. Nxf3 f4 24. Bc1 Nc6 25. Re1 Kf7 26. h3 Rd5 27. Bd2 a5 28. Re4 Bf6+ 29. Bc3 axb4 30. axb4 b5 31. Bxf6 Kxf6 32. Kc3 Rd8 33. Nd4 Nxd4 34. Rxd4 Rc8+ 35. Kd3 Ke6 36. Re4+ Kd6 37. Rd4+ Ke6 38. Re4+ Kd6 39. Rd4+ Ke6 1/2-1/2

[Event "Warsaw Najdorf Memorial op-A 14th"]
[Site "Warsaw"]
[Date "2016.07.10"]
[Round "3"]
[White "Krysztofiak, Marcin"]
[Black "Chomczyk, Marek"]
[Result "1-0"]
[WhiteElo "2384"]
[BlackElo "2167"]
[PlyCount "61"]
[EventDate "2016.07.08"]
[EventType "swiss"]
[EventRounds "9"]
[EventCountry "POL"]
[SourceTitle "CBM 173 Extra"]
[Source "ChessBase"]
[SourceDate "2016.08.29"]
[SourceVersion "1"]
[SourceVersionDate "2016.08.29"]
[SourceQuality "1"]

1. Nf3 Nf6 2. c4 e6 3. d4 d5 4. Nc3 Bb4 5. Qb3 c5 6. cxd5 exd5 7. dxc5 Na6 8. e4 dxe4 9. Bxa6 Bxc3+ 10. Qxc3 exf3 11. Bb5+ Bd7 12. Bxd7+ Nxd7 13. gxf3 Qe7+ 14. Be3 Qe5 15. Qd4 Rc8 16. Rc1 Rc6 17. Rg1 Re6 18. Kf1 Rg8 19. Qa4 Ke7 20. c6 bxc6 21. Rxc6 Rb8 22. Rxe6+ Qxe6 23. Bxa7 Qh3+ 24. Rg2 Rc8 25. Qe4+ Kf8 26. Be3 Nf6 27. Qf4 Rd8 28. Qg3 Rd1+ 29. Ke2 Qd7 30. Bc5+ Ke8 31. Qe5+ 1-0

[Event "Warsaw Najdorf Memorial op-A 14th"]
[Site "Warsaw"]
[Date "2016.07.09"]
[Round "2"]
[White "Bus, Konrad"]
[Black "Krysztofiak, Marcin"]
[Result "1/2-1/2"]
[WhiteElo "2216"]
[BlackElo "2384"]
[PlyCount "83"]
[EventDate "2016.07.08"]
[EventType "swiss"]
[EventRounds "9"]
[EventCountry "POL"]
[SourceTitle "CBM 173 Extra"]
[Source "ChessBase"]
[SourceDate "2016.08.29"]
[SourceVersion "1"]
[SourceVersionDate "2016.08.29"]
[SourceQuality "1"]

1. c4 Nf6 2. Nc3 e5 3. Nf3 Nc6 4. a3 g6 5. e3 Bg7 6. Be2 0-0 7. Qc2 d5 8. cxd5 Nxd5 9. 0-0 b6 10. d3 Bb7 11. Bd2 Kh8 12. Rac1 f5 13. Rfd1 Nf6 14. b4 a6 15. b5 axb5 16. Nxb5 Qe7 17. Bc3 Nd5 18. Bb2 g5 19. d4 e4 20. Nd2 Rad8 21. a4 Ncb4 22. Qb3 f4 23. Ba3 c5 24. dxc5 bxc5 25. Bb2 fxe3 26. fxe3 Nd3 27. Bxg7+ Kxg7 28. Bxd3 exd3 29. e4 Ne3 30. Re1 Qf6 31. Qc3 Rd4 32. Rf1 Nxf1 33. Rxf1 Qxf1+ 34. Nxf1 Rxf1+ 35. Kxf1 d2 36. Qxd4+ cxd4 37. Ke2 Bxe4 38. Kxd2 Bxg2 39. Nxd4 Kf6 40. Ke3 h5 41. a5 Bb7 42. Nb3 1/2-1/2

[Event "POL-chT 2nd League"]
[Site "Jastrzebia Gora"]
[Date "2015.09.12"]
[Round "8.13"]
[White "Nguyen, Piotr"]
[Black "Krysztofiak, Marcin"]
[Result "1-0"]
[WhiteElo "2327"]
[BlackElo "2392"]
[PlyCount "41"]
[EventDate "2015.09.05"]
[EventType "team-swiss"]
[EventRounds "9"]
[EventCountry "POL"]
[SourceTitle "EXT 2017"]
[Source "ChessBase"]
[SourceDate "2016.10.25"]
[SourceVersion "1"]
[SourceVersionDate "2016.10.25"]
[SourceQuality "1"]
[WhiteTeam "Gostynin Gostmat 83"]
[BlackTeam "Znin Baszta II"]
[WhiteTeamCountry "POL"]
[BlackTeamCountry "POL"]

1. d4 Nf6 2. Bg5 e6 3. e4 h6 4. Bxf6 Qxf6 5. c3 d5 6. Nd2 c5 7. Ngf3 Nc6 8. Bb5 cxd4 9. Nxd4 Bd7 10. 0-0 Nxd4 11. Bxd7+ Kxd7 12. cxd4 Qxd4 13. Qe2 Kc7 14. Rac1+ Kb8 15. exd5 Qxd5 16. Rfd1 a6 17. Nf3 Qa5 18. Ne5 Ka7 19. Qe3+ Qb6 20. Nc6+ bxc6 21. Rd7+ 1-0

[Event "POL-chT 2nd League"]
[Site "Jastrzebia Gora"]
[Date "2015.09.08"]
[Round "4.19"]
[White "Krysztofiak, Marcin"]
[Black "Brzezinski, Mateusz"]
[Result "1/2-1/2"]
[WhiteElo "2392"]
[BlackElo "2125"]
[PlyCount "78"]
[EventDate "2015.09.05"]
[EventType "team-swiss"]
[EventRounds "9"]
[EventCountry "POL"]
[SourceTitle "EXT 2017"]
[Source "ChessBase"]
[SourceDate "2016.10.25"]
[SourceVersion "1"]
[SourceVersionDate "2016.10.25"]
[SourceQuality "1"]
[WhiteTeam "Znin Baszta II"]
[BlackTeam "Bydgoszcz Hetman"]
[WhiteTeamCountry "POL"]
[BlackTeamCountry "POL"]

1. c4 f5 2. Nf3 Nf6 3. d4 e6 4. Nc3 d5 5. Bf4 c6 6. e3 Bd6 7. Bxd6 Qxd6 8. Ne5 Nbd7 9. f4 0-0 10. Be2 b6 11. 0-0 Bb7 12. Rc1 Rac8 13. Qa4 a6 14. b4 b5 15. c5 Qc7 16. Qb3 Nxe5 17. fxe5 Ne4 18. Nxe4 fxe4 19. Rxf8+ Rxf8 20. Rf1 Rxf1+ 21. Bxf1 Bc8 22. a4 Bd7 23. Qa2 Bc8 24. a5 Bd7 25. Qf2 Qd8 26. h4 Qf8 27. Be2 Qxf2+ 28. Kxf2 Kf7 29. Kg3 Ke7 30. Kf4 Be8 31. g4 h6 32. Bd1 Bf7 33. Be2 Be8 34. Bd1 Bf7 35. g5 Be8 36. Be2 Bf7 37. Bd1 Be8 38. Be2 Bf7 39. Bd1 Be8 1/2-1/2

[Event "POL-chT 2nd League"]
[Site "Jastrzebia Gora"]
[Date "2015.09.05"]
[Round "1.13"]
[White "Andrejczuk, Beata"]
[Black "Krysztofiak, Marcin"]
[Result "0-1"]
[WhiteElo "2136"]
[BlackElo "2392"]
[PlyCount "54"]
[EventDate "2015.09.05"]
[EventType "team-swiss"]
[EventRounds "9"]
[EventCountry "POL"]
[SourceTitle "EXT 2017"]
[Source "ChessBase"]
[SourceDate "2016.10.25"]
[SourceVersion "1"]
[SourceVersionDate "2016.10.25"]
[SourceQuality "1"]
[WhiteTeam "Zielonka Zieloni"]
[BlackTeam "Znin Baszta II"]
[WhiteTeamCountry "POL"]
[BlackTeamCountry "POL"]

1. e4 c6 2. Nc3 d5 3. f4 dxe4 4. Nxe4 Nf6 5. Nxf6+ exf6 6. d4 Bd6 7. Bd3 0-0 8. Ne2 f5 9. 0-0 g6 10. b3 Nd7 11. Bb2 Nf6 12. Rf3 Re8 13. c4 Bf8 14. Qc2 Bg7 15. Rd1 Bd7 16. Ng3 b5 17. Nf1 bxc4 18. bxc4 Rb8 19. Re3 Rxe3 20. Nxe3 c5 21. dxc5 Ng4 22. Nxg4 Rxb2 23. Nh6+ Kf8 24. Qc1 Ba4 25. Bc2 Bd4+ 26. Kh1 Rxc2 27. Qa3 Bc6 0-1

[Event "Warsaw Najdorf Memorial op-A 13th"]
[Site "Warsaw"]
[Date "2015.07.10"]
[Round "1"]
[White "Chomczyk, Marek"]
[Black "Krysztofiak, Marcin"]
[Result "1/2-1/2"]
[WhiteElo "2165"]
[BlackElo "2400"]
[PlyCount "36"]
[EventDate "2015.07.10"]
[EventType "swiss"]
[EventRounds "9"]
[EventCountry "POL"]
[SourceTitle "CBM 167 Extra"]
[Source "ChessBase"]
[SourceDate "2015.09.14"]
[SourceVersion "1"]
[SourceVersionDate "2015.09.14"]
[SourceQuality "1"]

1. d4 Nf6 2. c4 e6 3. Nc3 Bb4 4. Qc2 d6 5. a3 Bxc3+ 6. Qxc3 0-0 7. Bg5 Nbd7 8. Nf3 b6 9. e3 Bb7 10. Be2 c5 11. Nd2 Rc8 12. Bf3 Bxf3 13. Nxf3 Qc7 14. Rc1 cxd4 15. exd4 d5 16. b3 dxc4 17. bxc4 Ne4 18. Qd3 Nxg5 1/2-1/2

[Event "POL-ch"]
[Site "Poznan"]
[Date "2015.04.01"]
[Round "9"]
[White "Skawinski, Arkadiusz"]
[Black "Krysztofiak, Marcin"]
[Result "1/2-1/2"]
[WhiteElo "2388"]
[BlackElo "2410"]
[PlyCount "51"]
[EventDate "2015.03.24"]
[EventType "swiss"]
[EventRounds "9"]
[EventCountry "POL"]
[SourceTitle "CBM 166"]
[Source "ChessBase"]
[SourceDate "2015.05.11"]
[SourceVersion "1"]
[SourceVersionDate "2015.05.11"]
[SourceQuality "1"]

1. e4 c6 2. d4 d5 3. exd5 cxd5 4. c4 Nf6 5. Nc3 Nc6 6. Nf3 Bg4 7. cxd5 Nxd5 8. Qb3 Bxf3 9. gxf3 e6 10. Qxb7 Nxd4 11. Bb5+ Nxb5 12. Qc6+ Ke7 13. Qxb5 Qd7 14. Nxd5+ Qxd5 15. Qxd5 exd5 16. Be3 Ke6 17. 0-0 Be7 18. Rfe1 Kf5 19. Rac1 Bf6 20. Rc5 Rhd8 21. b3 Rd7 22. Rd1 Ke6 23. Re1 Kf5 24. Rd1 Ke6 25. Re1 Kf5 26. Rd1 1/2-1/2

[Event "POL-ch"]
[Site "Poznan"]
[Date "2015.03.29"]
[Round "6"]
[White "Krysztofiak, Marcin"]
[Black "Sieciechowicz, Marcin"]
[Result "0-1"]
[WhiteElo "2410"]
[BlackElo "2447"]
[PlyCount "144"]
[EventDate "2015.03.24"]
[EventType "swiss"]
[EventRounds "9"]
[EventCountry "POL"]
[SourceTitle "CBM 166"]
[Source "ChessBase"]
[SourceDate "2015.05.11"]
[SourceVersion "1"]
[SourceVersionDate "2015.05.11"]
[SourceQuality "1"]

1. Nf3 Nf6 2. c4 g6 3. b3 Bg7 4. Bb2 0-0 5. g3 d6 6. Bg2 c6 7. 0-0 Qa5 8. d3 Qh5 9. Nbd2 Bh3 10. e3 Nbd7 11. Nh4 Bxg2 12. Qxh5 Nxh5 13. Bxg7 Bxf1 14. Bxf8 Kxf8 15. Kxf1 e5 16. d4 Ng7 17. Ne4 Ke7 18. dxe5 dxe5 19. Rd1 Ne8 20. f4 Ndf6 21. Nxf6 Nxf6 22. Nf3 Ng4 23. Ke2 e4 24. Ne5 Nxe5 25. fxe5 c5 26. Rf1 a5 27. Rf4 a4 28. Rxe4 axb3 29. axb3 Ra2+ 30. Kf3 Rxh2 31. Rf4 Rb2 32. Ke4 Rxb3 33. Rf3 b5 34. Kd5 Rb4 35. Kxc5 Rxc4+ 36. Kxb5 Rg4 37. Kc5 Ke6 38. Rf6+ Kxe5 39. Rxf7 h5 40. Re7+ Kf6 41. Re8 Rxg3 42. Kd4 h4 43. e4 Kg5 44. e5 h3 45. Rh8 Kf5 46. Rf8+ Ke6 47. Re8+ Kf7 48. Rh8 Ke6 49. Ke4 g5 50. Rh6+ Ke7 51. Kf5 g4 52. Rh7+ Kd8 53. e6 Rg1 54. Rh8+ Ke7 55. Rh7+ Kd6 56. Rd7+ Kc6 57. Rd8 g3 58. Kg4 h2 59. e7 Re1 60. Kxg3 h1Q 61. e8Q+ Rxe8 62. Rxe8 Qg1+ 63. Kf4 Qf2+ 64. Kg5 Qg3+ 65. Kf6 Qf4+ 66. Kg6 Kd7 67. Rh8 Qg4+ 68. Kf7 Qf5+ 69. Kg7 Ke7 70. Rg8 Qh5 71. Rh8 Qg5+ 72. Kh7 Kf7 0-1

[Event "POL-ch"]
[Site "Poznan"]
[Date "2015.03.28"]
[Round "5"]
[White "Sadzikowski, Daniel"]
[Black "Krysztofiak, Marcin"]
[Result "1/2-1/2"]
[WhiteElo "2500"]
[BlackElo "2410"]
[PlyCount "82"]
[EventDate "2015.03.24"]
[EventType "swiss"]
[EventRounds "9"]
[EventCountry "POL"]
[SourceTitle "CBM 166"]
[Source "ChessBase"]
[SourceDate "2015.05.11"]
[SourceVersion "1"]
[SourceVersionDate "2015.05.11"]
[SourceQuality "1"]

1. e4 c6 2. d4 d5 3. e5 Bf5 4. Nf3 e6 5. Be2 Nd7 6. 0-0 h6 7. b3 Ne7 8. c4 Bg6 9. Nc3 Nf5 10. Bd3 Nh4 11. Nxh4 Bxd3 12. Qxd3 Qxh4 13. cxd5 cxd5 14. f4 g6 15. Bd2 a6 16. Rae1 Nb6 17. Nd1 h5 18. Rf3 Qe7 19. Nf2 Qa3 20. Qb1 Bb4 21. Bc1 Qa5 22. Rf1 Rc8 23. Nd3 Nd7 24. Nxb4 Qxb4 25. Qd3 Nb8 26. a3 Qb6 27. h3 Nc6 28. Bb2 h4 29. Kf2 Ne7 30. Re3 Nf5 31. Ree1 Qb5 32. Qxb5+ axb5 33. Rc1 Kd7 34. Rfd1 Rxc1 35. Rxc1 b6 36. Rc2 Rg8 37. Rd2 Rc8 38. Kf3 Rc7 39. Ke2 Rc8 40. Kf3 Rc7 41. Ke2 Rc8 1/2-1/2

[Event "POL-ch"]
[Site "Poznan"]
[Date "2015.03.27"]
[Round "4"]
[White "Krysztofiak, Marcin"]
[Black "Weichhold, Pawel"]
[Result "1/2-1/2"]
[WhiteElo "2410"]
[BlackElo "2404"]
[PlyCount "63"]
[EventDate "2015.03.24"]
[EventType "swiss"]
[EventRounds "9"]
[EventCountry "POL"]
[SourceTitle "CBM 166"]
[Source "ChessBase"]
[SourceDate "2015.05.11"]
[SourceVersion "1"]
[SourceVersionDate "2015.05.11"]
[SourceQuality "1"]

1. Nf3 Nf6 2. c4 g6 3. g3 Bg7 4. Bg2 0-0 5. 0-0 d6 6. d4 Nc6 7. Nc3 Bg4 8. Be3 Qd7 9. Qd2 Bh3 10. d5 Na5 11. b3 Bxg2 12. Kxg2 c5 13. dxc6 bxc6 14. Bh6 c5 15. Bxg7 Kxg7 16. Rad1 Nc6 17. Nd5 Nxd5 18. cxd5 Nb4 19. e4 a5 20. e5 a4 21. a3 Na6 22. bxa4 Nc7 23. a5 Rfb8 24. Rfe1 Rb5 25. Re4 Rbxa5 26. Rh4 h5 27. Rxh5 gxh5 28. Qg5+ Kf8 29. Qh6+ Kg8 30. Qg5+ Kf8 31. Qh6+ Kg8 32. Qg5+ 1/2-1/2

[Event "Krakow op-A 25th"]
[Site "Krakow"]
[Date "2014.12.30"]
[Round "5"]
[White "Krysztofiak, Marcin"]
[Black "Mertanen, Janne"]
[Result "1/2-1/2"]
[WhiteElo "2418"]
[BlackElo "2240"]
[PlyCount "37"]
[EventDate "2014.12.27"]
[EventType "swiss"]
[EventRounds "9"]
[EventCountry "POL"]
[SourceTitle "CBM 164 Extra"]
[Source "ChessBase"]
[SourceDate "2015.03.02"]
[SourceVersion "1"]
[SourceVersionDate "2015.03.02"]
[SourceQuality "1"]

1. Nf3 c5 2. c4 Nc6 3. Nc3 e5 4. g3 g6 5. Bg2 Bg7 6. 0-0 d6 7. a3 Nge7 8. Rb1 a5 9. d3 0-0 10. Ne1 Be6 11. Bg5 f6 12. Be3 Qd7 13. Nc2 a4 14. Bd2 d5 15. cxd5 Nxd5 16. Ne3 Nxe3 17. Bxe3 Bb3 18. Qd2 b6 19. f4 1/2-1/2